[Event "Warsaw YMCA Autumn-A 248th"]
[Site "Warsaw"]
[Date "2021.10.14"]
[Round "2"]
[White "Delega, Tomasz"]
[Black "Polak, Michal"]
[Result "1-0"]
[WhiteElo "1994"]
[BlackElo "1929"]
[PlyCount "51"]
[EventDate "2021.09.24"]
[EventType "tourn"]
[EventRounds "13"]
[EventCountry "POL"]
[SourceTitle "EXT 2023"]
[Source "ChessBase"]
[SourceDate "2022.10.05"]
[SourceVersion "1"]
[SourceVersionDate "2022.10.05"]
[SourceQuality "1"]

1. e4 c5 2. b3 Nc6 3. Bb2 Nf6 4. e5 Nd5 5. Qf3 e6 6. Qg3 g6 7. h4 Bg7 8. h5 d6 9. f4 0-0 10. Na3 Nce7 11. Nc4 Nf5 12. Qh2 gxh5 13. Qxh5 h6 14. Qh2 b5 15. Na3 dxe5 16. fxe5 a6 17. Nf3 Bb7 18. Bd3 Nb4 19. Bxf5 exf5 20. 0-0-0 Nxa2+ 21. Kb1 Nb4 22. Qg3 Qb6 23. e6 f6 24. Rxh6 Qxe6 25. Rdh1 Bxf3 26. Qg6 1-0

[Event "Warsaw Najdorf Memorial op-A"]
[Site "Warsaw"]
[Date "2021.07.10"]
[Round "1"]
[White "Cukrowski, Filip"]
[Black "Delega, Tomasz"]
[Result "1-0"]
[WhiteElo "2389"]
[BlackElo "1982"]
[PlyCount "85"]
[EventDate "2021.07.10"]
[EventType "swiss"]
[EventRounds "9"]
[EventCountry "POL"]
[SourceTitle "CBM 203 Extra"]
[Source "ChessBase"]
[SourceDate "2021.09.30"]
[SourceVersion "1"]
[SourceVersionDate "2021.09.30"]
[SourceQuality "1"]

1. e4 d6 2. d4 Nf6 3. Nc3 c6 4. f4 Qa5 5. e5 Ne4 6. Qf3 d5 7. Bd3 Bf5 8. g4 Nxc3 9. gxf5 Nb5+ 10. Bd2 Qb6 11. c3 Nc7 12. Qh5 Nba6 13. Nf3 c5 14. e6 0-0-0 15. Qxf7 c4 16. Be2 g6 17. fxg6 hxg6 18. 0-0-0 Qxe6 19. Ne5 Rh4 20. Bg4 Rxg4 21. Qxe6+ Nxe6 22. Nxg4 Bg7 23. Ne5 Bxe5 24. fxe5 Nac7 25. Rdf1 Kd7 26. Rfg1 Rg8 27. h4 Rg7 28. Bh6 Rg8 29. Rh2 Ke8 30. Rhg2 Kf7 31. h5 g5 32. Bxg5 Rh8 33. Rh2 Nxg5 34. Rxg5 Rh6 35. Rf2+ Ke8 36. Rff5 Kd7 37. Rg6 Rh7 38. e6+ Kd6 39. h6 Ne8 40. Rf7 Rh8 41. h7 Nf6 42. Rgxf6 exf6 43. e7 1-0

[Event "Warsaw YMCA Spring-A 198th"]
[Site "Warsaw"]
[Date "2018.04.19"]
[Round "3"]
[White "Kasperkiewicz, Pawel"]
[Black "Delega, Tomasz"]
[Result "1-0"]
[WhiteElo "1999"]
[BlackElo "1982"]
[PlyCount "141"]
[EventDate "2018.04.06"]
[EventType "swiss"]
[EventRounds "12"]
[EventCountry "POL"]
[SourceTitle "EXT 2019"]
[Source "ChessBase"]
[SourceDate "2018.10.10"]
[SourceVersion "1"]
[SourceVersionDate "2018.10.10"]
[SourceQuality "1"]

1. Nf3 b6 2. g3 Bb7 3. Bg2 e6 4. 0-0 f5 5. c4 Nf6 6. Nc3 c5 7. d4 cxd4 8. Nxd4 Bxg2 9. Kxg2 Qc8 10. b3 a6 11. Re1 Bb4 12. Bd2 Nc6 13. Nc2 Be7 14. Bf4 Qb7 15. f3 0-0 16. Bd6 Rad8 17. Bxe7 Nxe7 18. Qd6 Nc8 19. Qe5 Rfe8 20. Rad1 d6 21. Qf4 h6 22. e4 fxe4 23. Nxe4 Nxe4 24. Rxe4 Qf7 25. Qe3 d5 26. cxd5 exd5 27. Rxe8+ Rxe8 28. Qf2 Rd8 29. Nd4 Ne7 30. Re1 b5 31. Re5 Ng6 32. Re6 Ra8 33. Qe3 Nf8 34. Re7 Qf6 35. f4 Rc8 36. Qe5 Qxe5 37. Rxe5 Rc5 38. Re8 Rc3 39. Ra8 Kf7 40. Ra7+ Kg8 41. Rxa6 Rd3 42. Nxb5 Rd2+ 43. Kf3 Rxh2 44. Nd4 Nd7 45. Ra8+ Kf7 46. Ra7 Ke8 47. Ne6 g6 48. Nc7+ Ke7 49. Nxd5+ Kd6 50. Ne3 g5 51. Ra6+ Kc5 52. Ng4 Rc2 53. Ra7 Rc3+ 54. Ne3 Kc6 55. Ra4 Nb6 56. Re4 Kd6 57. Ke2 gxf4 58. gxf4 Nd7 59. Rc4 Rxc4 60. Nxc4+ Kc5 61. Ke3 Nf6 62. f5 Kd5 63. Kf4 Nh5+ 64. Kf3 Ng7 65. a4 Kc5 66. f6 Ne6 67. Kg4 Kb4 68. a5 Kxb3 69. a6 Kxc4 70. a7 Nc7 71. f7 1-0

[Event "Warsaw YMCA Winter 194th"]
[Site "Warsaw"]
[Date "2018.02.22"]
[Round "7"]
[White "Chomiuk, Lukasz"]
[Black "Delega, Tomasz"]
[Result "0-1"]
[WhiteElo "1809"]
[BlackElo "1940"]
[PlyCount "100"]
[EventDate "2018.01.04"]
[EventType "swiss"]
[EventRounds "10"]
[EventCountry "POL"]
[SourceTitle "EXT 2019"]
[Source "ChessBase"]
[SourceDate "2018.10.10"]
[SourceVersion "1"]
[SourceVersionDate "2018.10.10"]
[SourceQuality "1"]

1. Nf3 Nf6 2. d4 e6 3. Bf4 c5 4. e3 b6 5. Nbd2 Bb7 6. Bd3 cxd4 7. exd4 Be7 8. c3 a6 9. Qe2 d6 10. h4 Nbd7 11. Ne4 Qc7 12. h5 h6 13. a4 Nd5 14. Bh2 N5f6 15. Nfd2 Nxe4 16. Nxe4 Nf6 17. Rg1 Qd7 18. g4 Nxe4 19. Bxe4 Bc6 20. f4 Qb7 21. Bxc6+ Qxc6 22. g5 Qd5 23. g6 f5 24. Kf2 0-0 25. Rae1 e5 26. fxe5 f4 27. Rg4 Kh8 28. Bxf4 Bg5 29. Qe4 Qxe4 30. Rxe4 d5 31. Re2 Bxf4 32. Kg2 Bg5 33. e6 Rae8 34. Rg3 Re7 35. Rf3 Bf6 36. Kh3 Rfe8 37. Rfe3 Kg8 38. Kg4 Kf8 39. Kf5 Rc7 40. Rf3 Ke7 41. Rf1 Kd6 42. Kg4 Rxe6 43. Rxe6+ Kxe6 44. Re1+ Kd7 45. Kf5 Rc8 46. a5 bxa5 47. Re6 Rc6 48. Re2 a4 49. Re1 a3 50. bxa3 Rxc3 0-1

[Event "Warsaw YMCA Winter 194th"]
[Site "Warsaw"]
[Date "2018.02.09"]
[Round "5"]
[White "Choroszej, Aleksander"]
[Black "Delega, Tomasz"]
[Result "1/2-1/2"]
[WhiteElo "2073"]
[BlackElo "1940"]
[PlyCount "124"]
[EventDate "2018.01.04"]
[EventType "swiss"]
[EventRounds "10"]
[EventCountry "POL"]
[SourceTitle "EXT 2019"]
[Source "ChessBase"]
[SourceDate "2018.10.10"]
[SourceVersion "1"]
[SourceVersionDate "2018.10.10"]
[SourceQuality "1"]

1. d4 d6 2. e4 Nf6 3. Nc3 c6 4. Nf3 Bg4 5. Be2 e6 6. Be3 Be7 7. 0-0 0-0 8. a4 d5 9. e5 Nfd7 10. Ne1 Bxe2 11. Nxe2 c5 12. c3 Nc6 13. f4 cxd4 14. Nxd4 Nxd4 15. Bxd4 Bc5 16. Rf3 Bxd4+ 17. cxd4 f6 18. Rh3 fxe5 19. fxe5 Qg5 20. Qd3 g6 21. Nf3 Qe7 22. Qd2 Rf5 23. Rc1 Nf8 24. Rc5 Rd8 25. Qc1 Qg7 26. b4 g5 27. Rg3 h6 28. h4 Nh7 29. hxg5 hxg5 30. Rc7 Rd7 31. Rxd7 Qxd7 32. Nxg5 Nxg5 33. Rxg5+ Rxg5 34. Qxg5+ Kf7 35. b5 a6 36. Qh5+ Kg7 37. Qe2 Qc8 38. Qf1 Kh7 39. bxa6 bxa6 40. Kh2 Qc4 41. Qf7+ Kh8 42. Qxe6 Qxd4 43. Qh6+ Kg8 44. Qg5+ Kf8 45. e6 Qh8+ 46. Kg3 Qc3+ 47. Kg4 Ke8 48. Qxd5 Qb4+ 49. Kf5 Qxa4 50. Qa8+ Ke7 51. Qb7+ Kd6 52. Qb8+ Kd5 53. Qd8+ Kc5 54. e7 Qc2+ 55. Ke6 Qg6+ 56. Ke5 Qg5+ 57. Ke4 Qg4+ 58. Kd3 Qg3+ 59. Kc2 Qg6+ 60. Kc3 Qg3+ 61. Kc2 Qxg2+ 62. Kc3 Qg3+ 1/2-1/2

[Event "Warsaw YMCA Winter 194th"]
[Site "Warsaw"]
[Date "2018.02.02"]
[Round "4"]
[White "Delega, Tomasz"]
[Black "Liberadzki, Slawomir"]
[Result "0-1"]
[WhiteElo "1940"]
[BlackElo "2042"]
[PlyCount "56"]
[EventDate "2018.01.04"]
[EventType "swiss"]
[EventRounds "10"]
[EventCountry "POL"]
[SourceTitle "EXT 2019"]
[Source "ChessBase"]
[SourceDate "2018.10.10"]
[SourceVersion "1"]
[SourceVersionDate "2018.10.10"]
[SourceQuality "1"]

1. d4 e6 2. e4 c5 3. d5 d6 4. dxe6 Bxe6 5. c4 Nf6 6. Nc3 Nc6 7. Nf3 Be7 8. Be2 0-0 9. 0-0 Nd7 10. Bf4 Nde5 11. Nd5 Nxf3+ 12. Bxf3 Nd4 13. Nxe7+ Qxe7 14. b3 Rad8 15. Be3 Nc6 16. g3 Bh3 17. Re1 Qf6 18. Bh1 Ne5 19. f3 h5 20. Rc1 h4 21. g4 Rfe8 22. Rc2 Qg6 23. Bg2 Nxg4 24. fxg4 Bxg4 25. Qd2 h3 26. Bf1 Rxe4 27. Rcc1 Bh5+ 28. Kf2 Qf5+ 0-1

[Event "POL-ch rapid"]
[Site "Zgierz"]
[Date "2017.01.08"]
[Round "2"]
[White "Duda, Jan Krzysztof"]
[Black "Delega, Tomasz"]
[Result "1-0"]
[WhiteElo "2684"]
[BlackElo "2004"]
[PlyCount "59"]
[EventDate "2017.01.08"]
[EventType "swiss (rapid)"]
[EventRounds "9"]
[EventCountry "POL"]
[SourceTitle "CBM 176 Extra"]
[Source "ChessBase"]
[SourceDate "2017.03.02"]
[SourceVersion "1"]
[SourceVersionDate "2017.03.02"]
[SourceQuality "1"]

1. d4 e6 2. c4 f5 3. g3 Bb4+ 4. Nd2 Nf6 5. Bg2 0-0 6. Ngf3 Qe8 7. a3 Bxd2+ 8. Nxd2 d6 9. b4 a5 10. Bb2 c6 11. c5 dxc5 12. bxc5 Na6 13. Nc4 Nd5 14. Qd2 a4 15. f3 f4 16. Kf2 Nac7 17. Rag1 Ra6 18. Bf1 b6 19. gxf4 Qe7 20. cxb6 Nxb6 21. e3 Nxc4 22. Bxc4 Qh4+ 23. Rg3 Rb6 24. d5 g6 25. d6 Nd5 26. Qd4 Qf6 27. Qxb6 Nxb6 28. Bxf6 Rxf6 29. Ba2 Rf8 30. e4 1-0

[Event "Warsaw YMCA Winter-A 163rd"]
[Site "Warsaw"]
[Date "2016.03.17"]
[Round "9"]
[White "Delega, Tomasz"]
[Black "Praczukowski, Stanislaw"]
[Result "1-0"]
[WhiteElo "2031"]
[BlackElo "1990"]
[PlyCount "67"]
[EventDate "2016.01.08"]
[EventType "tourn"]
[EventRounds "13"]
[EventCountry "POL"]
[SourceTitle "EXT 2018"]
[Source "ChessBase"]
[SourceDate "2017.10.13"]
[SourceVersion "1"]
[SourceVersionDate "2017.10.13"]
[SourceQuality "1"]

1. e4 e6 2. d4 d5 3. Nd2 c5 4. dxc5 Bxc5 5. Nb3 Bb6 6. exd5 exd5 7. Nf3 Nf6 8. Bb5+ Nc6 9. Qe2+ Be6 10. Bg5 Rc8 11. Nfd4 0-0 12. Nxe6 fxe6 13. Qxe6+ Kh8 14. 0-0 Qd7 15. Qxd7 Nxd7 16. Rad1 Rf5 17. Bh4 Nde5 18. c3 Rcf8 19. h3 Nc4 20. Bxc4 dxc4 21. Nd2 Ne5 22. Bg3 Nd3 23. Nxc4 Nxf2 24. Bxf2 Bxf2+ 25. Kh1 h5 26. Nd6 R5f6 27. Ne4 Rf4 28. Nxf2 Rxf2 29. Kg1 Rxf1+ 30. Rxf1 Rd8 31. Rf7 b5 32. Rxa7 Rd2 33. b3 Rc2 34. Ra5 1-0

[Event "Warsaw YMCA Winter-A 163rd"]
[Site "Warsaw"]
[Date "2016.03.11"]
[Round "10"]
[White "Choroszej, Aleksander"]
[Black "Delega, Tomasz"]
[Result "0-1"]
[WhiteElo "1937"]
[BlackElo "2031"]
[PlyCount "102"]
[EventDate "2016.01.08"]
[EventType "tourn"]
[EventRounds "13"]
[EventCountry "POL"]
[SourceTitle "EXT 2018"]
[Source "ChessBase"]
[SourceDate "2017.10.13"]
[SourceVersion "1"]
[SourceVersionDate "2017.10.13"]
[SourceQuality "1"]

1. d4 e6 2. c4 Bb4+ 3. Nc3 f5 4. g3 Nf6 5. Bg2 0-0 6. Nf3 c5 7. 0-0 Bxc3 8. bxc3 Qe7 9. Ba3 d6 10. Nd2 e5 11. e4 exd4 12. cxd4 fxe4 13. dxc5 dxc5 14. Nxe4 Nxe4 15. Qd5+ Kh8 16. Qxe4 Qxe4 17. Bxe4 Na6 18. Rab1 Rb8 19. Rfe1 b6 20. Bd5 Bf5 21. Rbd1 Rfe8 22. Bf7 Rxe1+ 23. Rxe1 Nb4 24. Re7 a5 25. Bd5 Nd3 26. f4 h6 27. Kf1 b5 28. cxb5 Rxb5 29. Rb7 Rxb7 30. Bxb7 Nb4 31. Bxb4 axb4 32. Bd5 Kh7 33. Kf2 Kg6 34. Kf3 Kf6 35. g4 Bc2 36. Ke3 Ke7 37. g5 hxg5 38. fxg5 Kd6 39. Bb3 Bf5 40. Kf4 Bd3 41. h4 c4 42. Bd1 c3 43. h5 c2 44. Bxc2 Bxc2 45. Ke3 Ke5 46. Kd2 Bb1 47. a3 bxa3 48. Kc3 Bh7 49. Kb3 Kd5 50. Kxa3 Ke5 51. Kb2 Kf5 0-1

[Event "Warsaw YMCA Winter-A 163rd"]
[Site "Warsaw"]
[Date "2016.02.25"]
[Round "8"]
[White "Sielicki, Tomasz"]
[Black "Delega, Tomasz"]
[Result "1-0"]
[WhiteElo "1975"]
[BlackElo "2031"]
[PlyCount "133"]
[EventDate "2016.01.08"]
[EventType "tourn"]
[EventRounds "13"]
[EventCountry "POL"]
[SourceTitle "EXT 2018"]
[Source "ChessBase"]
[SourceDate "2017.10.13"]
[SourceVersion "1"]
[SourceVersionDate "2017.10.13"]
[SourceQuality "1"]

1. d4 e6 2. Nf3 d5 3. c4 Bb4+ 4. Nc3 c5 5. dxc5 Nc6 6. e3 Nf6 7. Bd2 Bxc5 8. cxd5 exd5 9. Qa4 0-0 10. Be2 a6 11. 0-0 b5 12. Bxb5 Ne7 13. Bd3 Rb8 14. Qc2 Ng6 15. Ne2 Qb6 16. Rfc1 Be7 17. Bc3 Bg4 18. Ned4 Rfc8 19. Bf5 Bxf5 20. Qxf5 Rc7 21. Nb3 Qd6 22. Ba5 Rc4 23. Nfd2 Rxc1+ 24. Rxc1 Rf8 25. Nf3 h6 26. h4 Bd8 27. Bc3 Ne4 28. h5 Nxc3 29. Rxc3 Ne7 30. Qe5 Qb6 31. Qd4 Qb7 32. Ne5 Nf5 33. Qg4 Nd6 34. Qd7 Qb8 35. Nc6 Qb5 36. Qxd6 Bf6 37. Rc5 Qe2 38. Rxd5 Qxb2 39. Rd2 Qb1+ 40. Kh2 Re8 41. Qd3 Qe1 42. Qd7 Re6 43. Ncd4 Re5 44. Qc8+ Kh7 45. Qc2+ g6 46. hxg6+ fxg6 47. g4 Qf1 48. Qc1 Qxc1 49. Nxc1 Ra5 50. Ncb3 Ra4 51. Kg2 Rb4 52. f4 Kg8 53. Kf3 Kf7 54. e4 Rc4 55. Rc2 Rb4 56. e5 Bh4 57. Rh2 g5 58. f5 a5 59. Nc6 Rf4+ 60. Ke3 a4 61. e6+ Ke8 62. Rd2 Bf2+ 63. Rxf2 axb3 64. axb3 Rxg4 65. f6 Rg3+ 66. Kd4 Rxb3 67. f7+ 1-0

[Event "Warsaw YMCA Winter-A 163rd"]
[Site "Warsaw"]
[Date "2016.01.08"]
[Round "11"]
[White "Delega, Tomasz"]
[Black "Sanz Losada, Victoriano"]
[Result "1-0"]
[WhiteElo "2031"]
[BlackElo "2072"]
[PlyCount "117"]
[EventDate "2016.01.08"]
[EventType "tourn"]
[EventRounds "13"]
[EventCountry "POL"]
[SourceTitle "EXT 2018"]
[Source "ChessBase"]
[SourceDate "2017.10.13"]
[SourceVersion "1"]
[SourceVersionDate "2017.10.13"]
[SourceQuality "1"]

1. e4 e5 2. Nf3 Nc6 3. Bb5 a6 4. Ba4 Nf6 5. 0-0 Nxe4 6. d4 b5 7. Bb3 Be7 8. dxe5 0-0 9. Bd5 Nc5 10. Nc3 Rb8 11. a3 Ne6 12. Ne4 Kh8 13. c3 Na5 14. Qe2 c6 15. Ba2 Nb7 16. Rd1 Qc7 17. Bg5 f6 18. exf6 gxf6 19. Bh6 Rg8 20. Ng3 d5 21. Bb1 Nd6 22. Nh4 Ng7 23. Re1 Rb7 24. Qf3 Bd8 25. Bc2 Qd7 26. h3 Qf7 27. Re2 Re7 28. Rae1 Rxe2 29. Rxe2 Bb6 30. Kf1 Re8 31. Qd3 Ne6 32. Qf3 Ng7 33. Rxe8+ Ngxe8 34. Nhf5 Qe6 35. Qh5 Ne4 36. Nxe4 dxe4 37. Ne3 Ng7 38. Bxg7+ Kxg7 39. g4 Bxe3 40. fxe3 f5 41. Qg5+ Kf7 42. Qf4 Ke7 43. gxf5 Qxf5 44. Bxe4 Qxf4+ 45. exf4 Bxh3+ 46. Kf2 h5 47. Bxc6 Bf5 48. Kg3 Kd6 49. Bf3 Kc5 50. Bxh5 Kc4 51. Bg4 Bg6 52. Be6+ Kd3 53. f5 Be8 54. Kf4 Kc2 55. c4 Kxb2 56. c5 Kxa3 57. f6 b4 58. f7 Bxf7 59. Bxf7 1-0

[Event "Warsaw YMCA Winter-A 163rd"]
[Site "Warsaw"]
[Date "2016.01.08"]
[Round "1"]
[White "Delega, Tomasz"]
[Black "Sanz Wawer, Daniel"]
[Result "1/2-1/2"]
[WhiteElo "2031"]
[BlackElo "2119"]
[PlyCount "122"]
[EventDate "2016.01.08"]
[EventType "tourn"]
[EventRounds "13"]
[EventCountry "POL"]
[SourceTitle "EXT 2018"]
[Source "ChessBase"]
[SourceDate "2017.10.13"]
[SourceVersion "1"]
[SourceVersionDate "2017.10.13"]
[SourceQuality "1"]

1. e4 c5 2. Nf3 d6 3. c3 Nf6 4. Be2 e6 5. 0-0 Be7 6. Re1 0-0 7. Bf1 Bd7 8. d4 Bc6 9. Bd3 Qc7 10. Bf4 b6 11. Nbd2 Nbd7 12. h3 Rfe8 13. Qc2 h6 14. a4 Rad8 15. b4 Bb7 16. Qb2 Bf8 17. Bh2 a5 18. bxc5 bxc5 19. Bb5 Bc6 20. Bxc6 Qxc6 21. Qb5 Qa8 22. Rab1 Rb8 23. Qd3 cxd4 24. cxd4 Rb4 25. Rxb4 axb4 26. Qb3 Qb7 27. Bxd6 Bxd6 28. e5 Be7 29. exf6 Nxf6 30. Rc1 Ra8 31. Nc4 Qc6 32. Ra1 Nd5 33. Nfe5 Qb7 34. a5 Nf4 35. Qf3 Qxf3 36. Nxf3 Ra6 37. Kf1 f6 38. Nfd2 Kf7 39. Nb3 Nd5 40. Ne3 Nc3 41. Ke1 Ke8 42. Kd2 Kd7 43. Kd3 Kc7 44. f3 Rc6 45. Nd2 Kb7 46. Nec4 Ka6 47. Re1 Kb5 48. Ra1 Bd8 49. f4 Bc7 50. g3 Na4 51. Ke4 Bxa5 52. Nxa5 Kxa5 53. d5 exd5+ 54. Kxd5 Ra6 55. Nb3+ Kb5 56. Nd4+ Kb6 57. Re1 Ra8 58. Kc4 Nc5 59. Rb1 Ra4 60. Rxb4+ Rxb4+ 61. Kxb4 Ne4 1/2-1/2

[Event "Krakow op-A 26th"]
[Site "Krakow"]
[Date "2016.01.03"]
[Round "8"]
[White "Chylewski, Patryk"]
[Black "Delega, Tomasz"]
[Result "1/2-1/2"]
[WhiteElo "2181"]
[BlackElo "2031"]
[PlyCount "82"]
[EventDate "2015.12.27"]
[EventType "swiss"]
[EventRounds "9"]
[EventCountry "POL"]
[SourceTitle "CBM 170 Extra"]
[Source "ChessBase"]
[SourceDate "2016.02.25"]
[SourceVersion "1"]
[SourceVersionDate "2016.02.25"]
[SourceQuality "1"]

1. e4 Nf6 2. e5 Nd5 3. d4 d6 4. Nf3 Bg4 5. Be2 Nc6 6. c4 Nb6 7. exd6 exd6 8. 0-0 Be7 9. Nbd2 Bf6 10. d5 Bxf3 11. Nxf3 Ne5 12. Nxe5 Bxe5 13. Qc2 0-0 14. Be3 Nd7 15. Rad1 a5 16. b3 Re8 17. Rfe1 b6 18. Bd3 g6 19. Qd2 Qf6 20. Bg5 Bc3 21. Bxf6 Bxd2 22. Rxe8+ Rxe8 23. Kf1 Nxf6 24. Rxd2 Kf8 25. Re2 Rb8 26. Rc2 Nd7 27. f3 Nc5 28. Be2 Ke7 29. Kf2 Kf6 30. f4 h5 31. Kf3 Kf5 32. g3 Re8 33. h3 Kf6 34. Rc3 Na6 35. a3 Ra8 36. Bd1 Re8 37. Re3 Rb8 38. Be2 Rc8 39. Bd1 Rb8 40. Be2 Rc8 41. Bd1 Rb8 1/2-1/2

[Event "Krakow op-A 26th"]
[Site "Krakow"]
[Date "2016.01.02"]
[Round "6"]
[White "Delega, Tomasz"]
[Black "Kyc, Jerzy"]
[Result "0-1"]
[WhiteElo "2031"]
[BlackElo "2201"]
[PlyCount "62"]
[EventDate "2015.12.27"]
[EventType "swiss"]
[EventRounds "9"]
[EventCountry "POL"]
[SourceTitle "CBM 170 Extra"]
[Source "ChessBase"]
[SourceDate "2016.02.25"]
[SourceVersion "1"]
[SourceVersionDate "2016.02.25"]
[SourceQuality "1"]

1. e4 c5 2. Nf3 d6 3. d4 cxd4 4. Nxd4 Nf6 5. Nc3 a6 6. Bc4 e6 7. Bb3 Nc6 8. Be3 Qc7 9. Qe2 Be7 10. Rg1 b5 11. g4 b4 12. Nxc6 bxc3 13. Nxe7 cxb2 14. Rb1 Kxe7 15. f3 a5 16. a4 Ba6 17. Qd2 Bc4 18. Rxb2 Rab8 19. Kf2 Rb4 20. Kg2 Rhb8 21. Rgb1 d5 22. Qf2 R4b7 23. Bc5+ Ke8 24. exd5 Bxd5 25. h3 Nd7 26. Ba3 Bc6 27. Qd4 Ne5 28. Rf1 Rd8 29. Qe3 Ng6 30. Rbb1 Nh4+ 31. Kh1 Qg3 0-1

[Event "Krakow op-A 26th"]
[Site "Krakow"]
[Date "2015.12.31"]
[Round "5"]
[White "Delega, Tomasz"]
[Black "Mroziak, Maciej"]
[Result "0-1"]
[WhiteElo "2031"]
[BlackElo "2269"]
[PlyCount "100"]
[EventDate "2015.12.27"]
[EventType "swiss"]
[EventRounds "9"]
[EventCountry "POL"]
[SourceTitle "CBM 170 Extra"]
[Source "ChessBase"]
[SourceDate "2016.02.25"]
[SourceVersion "1"]
[SourceVersionDate "2016.02.25"]
[SourceQuality "1"]

1. d4 Nf6 2. Nf3 g6 3. g3 Bg7 4. Bg2 0-0 5. 0-0 d5 6. c4 dxc4 7. Na3 c3 8. bxc3 c5 9. e3 Nc6 10. Qe2 Qa5 11. Bb2 cxd4 12. cxd4 Qh5 13. Qb5 Qxb5 14. Nxb5 Bf5 15. Rfd1 a6 16. Na3 Rac8 17. Nh4 Bg4 18. Rdc1 Nb4 19. Rxc8 Rxc8 20. Bxb7 Rc7 21. Bf3 Nd3 22. Rb1 Bxf3 23. Nxf3 Ne4 24. Ba1 Ndxf2 25. Rb8+ Bf8 26. Bb2 Nd1 27. Ne5 Nxe3 28. Rd8 Ng5 29. h4 Ne6 30. Ra8 Nd1 31. d5 Ng7 32. Bd4 f6 33. Nec4 Nf5 34. Bf2 Nxf2 35. Kxf2 Kf7 36. Rxa6 Rc5 37. g4 Nd4 38. Ne3 f5 39. gxf5 gxf5 40. Ra4 Bg7 41. Nac4 f4 42. Ng2 Rxd5 43. Nxf4 Rc5 44. Ne3 Bf6 45. Nfg2 Rb5 46. Rc4 Rb2+ 47. Kg3 Rxa2 48. Ng4 Nf5+ 49. Kf3 Ra3+ 50. N4e3 Bd4 0-1

[Event "Warsaw YMCA Winter 151st"]
[Site "Warsaw"]
[Date "2015.01.23"]
[Round "3"]
[White "Delega, Tomasz"]
[Black "Kowalski, Igor"]
[Result "0-1"]
[WhiteElo "2044"]
[BlackElo "2098"]
[PlyCount "52"]
[EventDate "2015.01.09"]
[EventType "tourn"]
[EventRounds "9"]
[EventCountry "POL"]
[SourceTitle "EXT 2016"]
[Source "ChessBase"]
[SourceDate "2015.10.08"]
[SourceVersion "1"]
[SourceVersionDate "2015.10.08"]
[SourceQuality "1"]

1. d4 Nf6 2. Nf3 e6 3. e3 b6 4. b3 Bb7 5. Bb2 Bb4+ 6. c3 Be7 7. Nbd2 0-0 8. Bd3 d5 9. 0-0 Ne4 10. Qc2 f5 11. Ne5 Nd7 12. Nxd7 Qxd7 13. f3 Nf6 14. c4 c5 15. a3 Rae8 16. Rae1 dxc4 17. bxc4 cxd4 18. exd4 Rd8 19. Qb1 Bxa3 20. Ba1 Qd6 21. Kh1 Qf4 22. Rf2 Ng4 23. fxg4 Qxf2 24. d5 Qxd2 25. Rxe6 Bxd5 26. Re2 Bxg2+ 0-1

[Event "Warsaw YMCA Winter 151st"]
[Site "Warsaw"]
[Date "2015.01.09"]
[Round "1"]
[White "Choroszej, Aleksander"]
[Black "Delega, Tomasz"]
[Result "0-1"]
[WhiteElo "2084"]
[BlackElo "2044"]
[PlyCount "64"]
[EventDate "2015.01.09"]
[EventType "tourn"]
[EventRounds "9"]
[EventCountry "POL"]
[SourceTitle "EXT 2016"]
[Source "ChessBase"]
[SourceDate "2015.10.08"]
[SourceVersion "1"]
[SourceVersionDate "2015.10.08"]
[SourceQuality "1"]

1. d4 e6 2. c4 Bb4+ 3. Bd2 a5 4. Nf3 f5 5. e3 Nf6 6. Bd3 b6 7. 0-0 Bb7 8. Nc3 0-0 9. Qc2 Qe8 10. d5 Na6 11. e4 Bxc3 12. Bxc3 fxe4 13. Bxe4 Nxe4 14. Qxe4 exd5 15. Qg4 Qg6 16. Qxg6 hxg6 17. Ne5 dxc4 18. Nxd7 Rfe8 19. Rfe1 Be4 20. Re3 Rad8 21. Ne5 Bd3 22. Rae1 Nb4 23. Bxb4 axb4 24. Nxc4 Rxe3 25. Nxe3 Ra8 26. Nd5 c5 27. a3 bxa3 28. bxa3 b5 29. Ra1 b4 30. a4 b3 31. Nc3 b2 32. Re1 Rb8 0-1

[Event "Warsaw YMCA Autumn-A 147th"]
[Site "Warsaw"]
[Date "2014.11.07"]
[Round "8"]
[White "Szymczak, Rafal"]
[Black "Delega, Tomasz"]
[Result "0-1"]
[WhiteElo "2065"]
[BlackElo "2090"]
[PlyCount "68"]
[EventDate "2014.09.19"]
[EventType "tourn"]
[EventRounds "11"]
[EventCountry "POL"]
[SourceTitle "EXT 2018"]
[Source "ChessBase"]
[SourceDate "2017.10.13"]
[SourceVersion "1"]
[SourceVersionDate "2017.10.13"]
[SourceQuality "1"]

1. f4 d5 2. Nf3 Bg4 3. Ne5 Bf5 4. c4 f6 5. Qa4+ c6 6. Nf3 d4 7. e3 e5 8. Qb3 b6 9. exd4 exd4 10. Bd3 Bg4 11. 0-0 Bc5 12. Qc2 Ne7 13. a3 a5 14. b3 Na6 15. Bb2 Rc8 16. h3 Bh5 17. g4 Bf7 18. Kg2 Qd6 19. Nh4 g6 20. Be4 Rd8 21. d3 h5 22. Qf2 hxg4 23. hxg4 f5 24. gxf5 gxf5 25. Nxf5 Nxf5 26. Bxf5 Qh6 27. Qg3 Rg8 28. Bg4 Qg7 29. Kf3 Rd6 30. Qh4 Re6 31. Bc1 Be7 32. Qh3 Rh6 33. Qg2 Rg6 34. Rg1 Rxg4 0-1

[Event "Warsaw YMCA Spring-A 138th"]
[Site "Warsaw"]
[Date "2014.05.28"]
[Round "8"]
[White "Sielicki, Tomasz"]
[Black "Delega, Tomasz"]
[Result "0-1"]
[WhiteElo "2010"]
[BlackElo "2100"]
[PlyCount "178"]
[EventDate "2014.04.08"]
[EventType "tourn"]
[EventRounds "11"]
[EventCountry "POL"]
[SourceTitle "EXT 2015"]
[Source "ChessBase"]
[SourceDate "2014.11.20"]
[SourceVersion "1"]
[SourceVersionDate "2014.11.20"]
[SourceQuality "1"]

1. d4 e6 2. e4 c5 3. d5 exd5 4. exd5 d6 5. Nf3 g6 6. Bg5 Be7 7. Bb5+ Bd7 8. Bxd7+ Nxd7 9. Qe2 Ngf6 10. Nc3 0-0 11. 0-0-0 Re8 12. Qd2 a6 13. h4 b5 14. h5 b4 15. Bxf6 Bxf6 16. Na4 Bg7 17. hxg6 hxg6 18. Qf4 Nf6 19. Ng5 Re5 20. g4 Ra7 21. c4 Rae7 22. f3 Re2 23. Rd2 Qe8 24. Ne6 fxe6 25. Rxe2 e5 26. Qg5 Qxa4 27. Qxg6 Qe8 28. Qc2 e4 29. g5 Nd7 30. Rxe4 Rxe4 31. Qxe4 Qxe4 32. fxe4 Ne5 33. b3 Kf7 34. Kd2 Kg6 35. Ke3 Kxg5 36. Rg1+ Kf6 37. Rf1+ Ke7 38. Rg1 Bh6+ 39. Ke2 a5 40. Rh1 Bg7 41. Rg1 Bf6 42. Rg8 Kd7 43. Ra8 Bd8 44. Kd2 Bc7 45. Ke3 Bb6 46. Kd2 Kc7 47. Rh8 a4 48. Rh7+ Kc8 49. Kc2 a3 50. Rg7 Bd8 51. Rh7 Bf6 52. Rh6 Be7 53. Rh7 Kd7 54. Rg7 Ke8 55. Rh7 Bf6 56. Ra7 Be7 57. Ra8+ Kf7 58. Rh8 Bf6 59. Rh7+ Kg6 60. Rh1 Nf3 61. Rf1 Nd4+ 62. Kb1 Kg5 63. Rf2 Be5 64. Kc1 Kg4 65. Kb1 Kg3 66. Rf8 Ne2 67. Rf5 Nc3+ 68. Kc2 Nxe4 69. Kd3 Nf2+ 70. Ke2 Ng4 71. Rf3+ Kh4 72. Rf5 Bd4 73. Kd3 Ne5+ 74. Kc2 Ng6 75. Rf7 Kg5 76. Rd7 Be5 77. Rf7 Nh4 78. Rf8 Nf5 79. Kd3 Nd4 80. Rf2 Kg4 81. Ke4 Nxb3 82. axb3 Bb2 83. Kd3 a2 84. Rxb2 a1Q 85. Kc2 Qe1 86. Rb1 Qc3+ 87. Kd1 Kf3 88. Rc1 Qd3+ 89. Ke1 Qe2# 0-1